Preservation of round timber products

Bibliographic Details
Main Author: BRENNAN 1958-
Corporate Author: Wood Utilisation Research Centre (W. A.)
Format: Book
Published: (Harvey, W. A.) : Wood Utilisation Research Centre , 1993
Series:Wood Utilisation Research Centre; report n. 21
Subjects:

MARC

LEADER 00000cam a2200000 7i4500
001 0000002230
005 20030331.0
090 0 0 |a 338.17498   |b BRE 1993 
100 1 0 |a BRENNAN   |h G. K.   |c 1958- 
245 1 0 |a Preservation of round timber products   |c G. K. Brennan 
260 0 0 |a (Harvey, W. A.) :   |b Wood Utilisation Research Centre ,   |c 1993 
300 |a 28 p. ;   |c 30 cm. 
440 0 0 |a Wood Utilisation Research Centre; report n. 21 
500 0 0 |a Bibliography : p. 24-25 
650 0 0 |a Timber 
650 0 0 |a Wood   |x Preservation 
710 1 1 |a Wood Utilisation Research Centre (W. A.) 
998 |a JPSM 
999 |a 0000003570   |b Monograph   |c Open Shelf   |e Default branch